Közmüvelődésünk [!közművelődésünk] a szemléletváltozás utján [!útján]
Elmentve itt :
| Szerző: | |
|---|---|
| Testületi szerző: | |
| Dokumentumtípus: | Könyv része |
| Megjelent: |
1977
|
| Sorozat: | Szegedi Nyári Egyetem : művelődéselmélet
6 Művelődés-pszichológia : összeállítás a TIT Szegedi Művelődéselméleti Nyári Egyetemén elhangzott előadásokból 6 |
| Kulcsszavak: | Művelődéspolitika - Magyarország - 1974, Közművelődés - szocialista, Kulturális fejlődés - Magyarország - 1945- |
| Tárgyszavak: | |
| Online Access: | http://acta.bibl.u-szeged.hu/44875 |
| LEADER | 01105naa a2200229 i 4500 | ||
|---|---|---|---|
| 001 | acta44875 | ||
| 005 | 20220131135757.0 | ||
| 008 | 170621s1977 hu o 0|| hun d | ||
| 022 | |a 0139-4118 | ||
| 040 | |a SZTE Egyetemi Kiadványok Repozitórium |b hun | ||
| 041 | |a hun | ||
| 100 | 1 | |a Tóthpál József | |
| 245 | 1 | 0 | |a Közmüvelődésünk [!közművelődésünk] a szemléletváltozás utján [!útján] |h [elektronikus dokumentum] / |c Tóthpál József |
| 260 | |c 1977 | ||
| 300 | |a 348-364 | ||
| 490 | 0 | |a Szegedi Nyári Egyetem : művelődéselmélet |v 6 | |
| 490 | 0 | |a Művelődés-pszichológia : összeállítás a TIT Szegedi Művelődéselméleti Nyári Egyetemén elhangzott előadásokból |v 6 | |
| 650 | 4 | |a Bölcsészettudományok | |
| 650 | 4 | |a Egyéb bölcsészettudományok | |
| 695 | |a Művelődéspolitika - Magyarország - 1974, Közművelődés - szocialista, Kulturális fejlődés - Magyarország - 1945- | ||
| 710 | |a TIT Szegedi Művelődéselméleti Nyári Egyetem (6.) (1977) (Szeged) | ||
| 856 | 4 | 0 | |u http://acta.bibl.u-szeged.hu/44875/1/sznye_muveledoselmelet_006_348-364.pdf |z Dokumentum-elérés |